00492nam a22001697a 450000500170000001000150001702000260003203500140005803700090007208200110008124500280009225000060012026000450012627000670017130000190023850000650025720260318111532.0 aENG-147906 a9789373595733c449.00 aEN-131438 bDBAD a00021 aCUET (UG)26-Humanitiies a1 aUttar PradeshbS. Chand Publishingc2026 aD-92, Sector-02, Noida bUttar Pradeshe201301k91-120-4682700v avpp.c26cm(pb) a30 Previous Year Papers History Political Science Geography